| 000 | 00829nam a22002177a 4500 | ||
|---|---|---|---|
| 003 | OSt | ||
| 005 | 20260211081803.0 | ||
| 008 | 240820b ||||| |||| 00| 0 eng d | ||
| 040 | _c0 | ||
| 082 | _aDPer 320.05 As421 April-December 2020 v. 28 n. 1-3 | ||
| 100 |
_aCampion, Andrew Stephen. _eauthor. _958462 |
||
| 245 |
_aFrom CNOOC to Huawei : _bsecuritization, the China threat, and critical infrastructure / _cAndrew Stephen Campion. |
||
| 260 |
_aUnited Kingdom ; _bTaylor & Francis Group , _cApril 2020. |
||
| 300 |
_aVolume 28, pages 47-66 : _c26 cm. |
||
| 500 | _aAsian Journal of Political Science, vol. 28, no. 1, pages 47-66, April 2020. | ||
| 650 | 0 |
_a CNOOC. _967005 |
|
| 650 | 0 |
_aChina threat. _967006 |
|
| 650 | 0 |
_aSecuritization. _967007 |
|
| 700 |
_aCampion, Andrew Stephen. _eauthor. _958462 |
||
| 942 |
_2ddc _cPER |
||
| 999 |
_c20694 _d20694 |
||